Statistics for European Cities by Clue

Click here to take the quiz!

General Stats

  • This quiz has been taken 66,299 times
    (65,719 since last reset)
  • The average score is 15 of 22

Answer Stats

ClueCity% Correct
Tube, Thames, Trafalgar SquareLondon
96%
Eiffel Tower, Bastille, Champs-ÉlyséesParis
94%
River Liffey, O'Connell Bridge, GuinnessDublin
91%
The Kremlin, Red Square,
St. Basil's Cathedral
Moscow
91%
Anne Frank's House, Red Light DistrictAmsterdam
90%
BMW, Hofbräuhaus, Olympic TerrorismMunich
87%
Acropolis, Daphni MonasteryAthens
86%
Fashion Week, Piazza Duomo, LombardyMilan
84%
Leningrad, The Hermitage, Palace SquareSt. Petersburg
83%
St. Mark's Square, Gondolas, Marco PoloVenice
83%
Riviera, Île Sainte-Marguerite,
Film Festival
Cannes
75%
El Prat, Sagrada Família, Plaça ReialBarcelona
74%
European Union,
Parc du Cinquantenaire
Brussels
74%
Bjørvika, Nobel Peace PrizeOslo
67%
Belém Palace, Vasco da Gama,
1755 Earthquake
Lisbon
66%
Titanic, Albert Clock, The TroublesBelfast
59%
Commerzbank Tower, Main River,
European Central Bank
Frankfurt
56%
Old New Synagogue,
Franz Kafka, Charles Bridge
Prague
49%
Guggenheim, Basque Country,
Semana Grande
Bilbao
46%
Winter Olympics, Shroud, Po RiverTurin
45%
Rudas Baths, Chain Bridge,
Margaret Island
Budapest
27%
Walled City, Minčeta Tower, StradunDubrovnik
20%

Score Distribution

Percentile by Number Answered

Percent of People with Each Score

Your Score History

You have not taken this quiz since the last reset